000 00303nam a2200121Ia 4500
008 240624s9999 xx 000 0 und d
041 _aeng
082 _a338.5 GAL
100 _aGALBRAITH JOHN KENNETH
245 _aGREAT CRASH 1929
260 _c1992
_aNew Delhi
_bPenguin
300 _a222 : p. : cm. ; 19
999 _c21520
_d21520